000 02452nam0a2200409 4500
001 RU\NLR\BIBL_A\022263072
005 20260629062913.0
010 _a978-5-533-03054-0
_91500
021 _aRU
_bКН-П-24-027790
_9КН-П-24-2840
035 _a(NLR Aleph) 022263072
090 _a13659689
_c13659689
100 _a20240626d2024 u y0rusy50 ca
101 0 _arus
102 _aRU
105 _aa|||j|||000yy
181 0 _ai3
_baxxe
182 0 _an
200 1 _aПраздничные утренники и музыкальные досуги в детском саду
_eметодическое пособие
_eсоответствует Федеральному государственному образовательному стандарту дошкольного образования
_fО. П. Радынова, Н. В. Барышева, Ю. В. Панова
203 _aТекст
_bвизуальный
_cнепосредственный
205 _a3-е изд.
210 _aМосква
_cРусское слово
_cРусское слово - учебник
_d2024
215 _a108, [2] с.
_cил.
_d22
225 1 _aФГОС дошкольного образования
300 _aНа обороте тит. с. 1-й и 3-й авт.: Радынова О. П., д-р пед. наук, проф., Панова Ю. В., методист
320 _aСписок муз. произведений, использ. в аудиоприл. к метод. пособию: с. 99-109
606 _aДошкольники
_xМузыкальное воспитание
_jМетодические пособия
_3RU\NLR\AUTH\66354866
_9953355
606 _aДетские праздники
_xДошкольные учреждения
_jМетодические пособия
_3RU\NLR\AUTH\66357146
_9957684
686 1 _aЧ411.36я8
686 1 _aЧ411.355.24я8
700 1 _7ca
_8rus
_aРадынова
_bО. П.
_gОльга Петровна
_9118374
_3RU\NLR\AUTH\778469
701 1 _aБарышева
_bН. В.
_gНаталья Вячеславовна
701 1 _aПанова
_bЮ. В.
_gЮлия Васильевна
942 _cBOOK
980 _aNB